Top 10 du Tour de Lombardie depuis 2020 - Statistiques

Statistiques générales
  • Ce quiz a été pris 22 fois
    6 depuis la dernière actualisation
  • Le résultat moyen est 49 sur 60
Statistiques - réponses
Année Classement Cycliste Team Nationalité % Correct
3 Adam Yates Ineos Grenadiers Grande-Bretagne
100%
10 Adam Yates Ineos Grenadiers Grande-Bretagne
100%
6 Adam Yates UAE Team Emirates Grande-Bretagne
100%
4 Bauke Mollema Trek-Segafredo Pays-Bas
100%
7 Bauke Mollema Trek-Segafredo Pays-Bas
100%
7 David Gaudu Groupama-FDJ France
100%
9 David Gaudu Groupama-FDJ France
100%
8 Egan Bernal Ineos Grenadiers Colombie
100%
2 Enric Mas Movistar Team Espagne
100%
5 Enric Mas Movistar Espagne
100%
5 Giulio Ciccone Trek-Segafredo Italie
100%
3 Giulio Ciccone Lidl-Trek Italie
100%
5 Isaac Del Toro UAE Team Emirates Mexique
100%
6 Julian Alaphilippe Deceuninck-Quick-Step France
100%
10 Mathieu Van Der Poel Alpecin-Fenix Pays-Bas
100%
3 Michael Storer Tudor Australie
100%
9 Michael Woods Israel Start-Up Nation Canada
100%
8 Neilson Powless EF Education-Easy Post États-Unis
100%
6 Pavel Sivakov UAE Team Emirates France
100%
4 Primoz Roglic Jumbo-Visma Slovénie
100%
3 Primoz Roglic Jumbo-Visma Slovénie
100%
9 Remco Evenepoel Soudal-Quick Step Belgique
100%
2 Remco Evenepoel Soudal-Quick Step Belgique
100%
2 Remco Evenepoel Soudal-Quick Step Belgique
100%
8 Richard Carapaz EF Education-Easy Équateur
100%
8 Romain Bardet Team DSM France
100%
9 Romain Bardet Team DSM France
100%
5 Simon Yates Jayco AlUla Grande-Bretagne
100%
2021 1 Tadej Pogacar UAE Team Emirates Slovénie
100%
2022 1 Tadej Pogacar UAE Team Emirates Slovénie
100%
2023 1 Tadej Pogacar UAE Team Emirates Slovénie
100%
2024 1 Tadej Pogacar UAE Team Emirates Slovénie
100%
2025 1 Tadej Pogacar UAE Team Emirates Slovénie
100%
6 Thomas Pidcock Q36.5 Grande-Bretagne
100%
5 Alejandro Valverde Movistar Team Espagne
80%
6 Alejandro Valverde Movistar Team Espagne
80%
5 Carlos Rodriguez Ineos Grenadiers Espagne
80%
7 Carlos Rodriguez Ineos Grenadiers Espagne
80%
2 George Bennett Jumbo-Visma Nouvelle-Zélande
80%
4 Ion Izagirre Cofidis Espagne
80%
2020 1 Jakob Fuglsang Astana Pro Team Danemark
80%
3 Mikel Landa Bahrain Victorious Espagne
80%
7 Paul Seixas Decathlon AG2R La Mondiale France
80%
3 Aleksandr Vlasov Astana Pro Team Russie
60%
4 Aleksandr Vlasov Bora-Hansgrohe Russie
60%
2 Fausto Masnada Deceuninck-Quick-Step Italie
60%
7 Maximilian Schachmann Bora-Hansgrohe Allemagne
60%
4 Quinn Simmons Lidl - Trek États-Unis
60%
10 Sergio Higuita ED Education-Nippo Colombie
60%
4 Sergio Higuita Bora-Hansgrohe Colombie
60%
6 Vincenzo Nibali Trek-Segafredo Italie
60%
2 Andrea Bagioli Soudal-Quick Step Italie
40%
9 Ben Hermans Israel Start-Up Nation Belgique
40%
10 Cian Uijtdebroeks Visma Lease a Bike Belgique
40%
8 Diego Ulissi UAE Team Emirates Italie
40%
9 Jay Vine UAE Team Emirates Australie
40%
10 Andreas Kron Lotto-Dstny Danemark
20%
8 Rudy Molard Groupama-FDJ France
20%
10 Xandro Meurisse Alpecin-Deceuninck Belgique
20%
7 Lennert Van Eetvelt Lotto-Dstny Belgique
0%
Aucun quiz correspondant
Distribution des résultats
% des personnes avec chaque résultat
Percentile par nombre de réponses
Votre historique - résultats
Vous n’avez pas pris ce quiz depuis la dernière actualisation